Exploration in the junior school.

Guardado en:
Detalles Bibliográficos
Autor principal: Philips, M. (autor)
Formato: Libro
Idioma:Inglés
Temas:
Etiquetas: Agrega una etiqueta
Sin etiquetas, Sé el primero en etiquetar este registro!

MARC

LEADER 00000cam^a2200000uu^4500
001 000490356
005 20250521000000.0
008 050901s1967^^^^^^^^^^^^rd^r^^000^0^eng^d
009 20260310125352.669
035 |a FCE 000033568 
035 |a FCE 000713 
037 |a Acervo ITESO - Biblioteca 
041 |a eng 
082 0 4 |a 371.26  |b P578e 
100 |a Philips, M.  |e (autor) 
245 1 0 |a Exploration in the junior school. 
264 |a Gran Bretaña :  |b London Press,  |c 1967. 
300 |a 272 p. 
336 |a texto  |b txt  |2 rdacontenido 
337 |a sin mediación  |b n  |2 rdamedio 
338 |a volumen  |b nc  |2 rdasoporte 
649 |a XX 
650 |a Educación del niño 
650 |a Escuela al aire libre 
910 |a Fondo Centro de Estudios Educativos 
920 |a Impresos - Libros 
930 |a Fondos Especiales 
905 |a 133 
901 |a ALE000713  |b IT2  |c CEE  |u 20250521 
902 |a https://opac.biblio.iteso.mx/vufind/Record/000490356